| Tag |
First Indicator |
Second Indicator |
Subfields |
| LEADER |
00000cas a2200000 a 4500 |
| 001 |
in00002523913 |
| 005 |
20211202192343.0 |
| 006 |
m d |
| 007 |
cr ||||||||||| |
| 008 |
090819c20079999dcuar s f0 a0eng c |
| 010 |
|
|
|a 2009231425
|
| 022 |
0 |
|
|a 2152-0224
|2 1
|
| 035 |
|
|
|a (OCoLC)ocn431279979
|
| 037 |
|
|
|b ARS National Programs, 5601 Sunnyside Ave., GWCC 4-2154, Beltsville MD 20705
|
| 040 |
|
|
|a GPO
|c GPO
|d DLC
|d GPO
|d MvI
|d UtOrBLW
|
| 042 |
|
|
|a pcc
|a nsdp
|
| 043 |
|
|
|a n-us---
|
| 049 |
|
|
|a WWW
|
| 050 |
1 |
0 |
|a ISSN RECORD
|
| 074 |
|
|
|a 0026-A-83 (online)
|
| 082 |
1 |
0 |
|a 595
|2 14
|
| 086 |
0 |
|
|a A 77.735/3:B 39/
|
| 222 |
|
0 |
|a Ascosphaera infections in bees ... annual report
|b (Online)
|
| 245 |
0 |
0 |
|a Ascosphaera infections in bees ... annual report.
|
| 264 |
|
1 |
|a Washington, D.C. :
|b U.S. Dept. of Agriculture, Agricultural Research Service.
|
| 300 |
|
|
|a :
|b HTML files.
|
| 310 |
|
|
|a Annual
|
| 336 |
|
|
|a text
|b txt
|2 rdacontent
|
| 337 |
|
|
|a computer
|b c
|2 rdamedia
|
| 338 |
|
|
|a online resource
|b cr
|2 rdacarrier
|
| 362 |
1 |
|
|a Began with 2007.
|
| 538 |
|
|
|a Mode of access: Internet via the USDA Agricultural Research Service web site. Address as of 8/18/09: http://www.ars.usda.gov/research/projects/projects.htm?ACCN%5FNO=410703&fy=2007 ; current access available via PURL.
|
| 500 |
|
|
|a Description based on: 2007; title from title screen (viewed Aug. 18, 2009).
|
| 500 |
|
|
|a Latest issue consulted: 2008.
|
| 515 |
|
|
|a Report covers fiscal year.
|
| 500 |
|
|
|a Electronic resource.
|
| 650 |
|
0 |
|a Bees
|x Diseases
|v Periodicals.
|
| 650 |
|
0 |
|a Bees
|x Infections
|v Periodicals.
|
| 650 |
|
0 |
|a Host-fungus relationships
|v Periodicals.
|
| 650 |
|
0 |
|a Mycoses
|v Periodicals.
|
| 710 |
2 |
|
|a Crop Production National Program (U.S.)
|
| 710 |
1 |
|
|a United States.
|b Agricultural Research Service.
|
| 856 |
4 |
0 |
|u https://purl.fdlp.gov/GPO/LPS116063
|t 0
|
| 999 |
|
|
|a MARS
|
| 999 |
f |
f |
|s cee8c3cc-60c7-38aa-bace-80de7e776fe3
|i d35b9900-b8bc-378f-846e-df88fd49da10
|t 0
|
| 952 |
f |
f |
|a Texas A&M University
|b College Station
|c Electronic Resources
|d Available Online
|t 0
|e A 77.735/3:B 39/
|h Superintendent of Documents classification
|
| 998 |
f |
f |
|a A 77.735/3:B 39/
|t 0
|l Available Online
|